000
00319nam a22001457a 4500
003
SGT
020
_a
978-1-4129-2685-0
082
_a
614, B10D
100
_a
DEMO, DAVID H.
245
_a
BEYOND THE AVERAGE DIVORCE
260
_a
LOS ANGELES
_b
SAGE
300
_a
198
650
_a
COMMUNITY MEDICINE
942
_2
ddc
_c
BK
999
_c
8340
_d
8340